000 00293nam a2200109Ia 4500
008 190912s9999||||xx |||||||||||||| ||und||
100 _aJan M. Dawood
245 4 _aThe Role of Superior Judiciary In The politics of Pakistan
260 _aKarachi
_bEducation
_c1994
300 _a150
942 _cBK
999 _c7672
_d7672